Đêm hội long trì Bộ ba tác phẩm
Bewaard in:
| Hoofdauteur: | |
|---|---|
| Formaat: | Boek |
| Gepubliceerd in: |
Hà Nội
Giáo dục
1999
|
| Onderwerpen: | |
| Tags: |
Voeg label toe
Geen labels, Wees de eerste die dit record labelt!
|
| Thư viện lưu trữ: | Trung tâm Học liệu Lê Vũ Hùng, Trường Đại học Đồng Tháp |
|---|
| LEADER | 00706pam a22002178a 4500 | ||
|---|---|---|---|
| 001 | 00041166 | ||
| 005 | 20180404130403.0 | ||
| 008 | 110608s1997 ||||||Viesd | ||
| 020 | # | # | |c 47000 |
| 041 | 0 | # | |a Vie |
| 082 | 1 | 4 | |a 895.922 332 |b Đ253H |
| 100 | 0 | # | |a Nguyễn, Huy Tưởng |
| 245 | 0 | 0 | |b Bộ ba tác phẩm |c Nguyễn Huy Tưởng |a Đêm hội long trì |
| 260 | # | # | |a Hà Nội |b Giáo dục |c 1999 |
| 300 | # | # | |c 19 cm. |a 526 tr |
| 653 | # | # | |a Việt Nam |
| 653 | # | # | |a Văn học hiện đại |
| 653 | # | # | |a tiểu thuyết |
| 852 | # | # | |j KD.0023340 |j KM.0024623 |
| 910 | |d 04/04/2018 | ||
| 980 | # | # | |a Trung tâm Học liệu Lê Vũ Hùng, Trường Đại học Đồng Tháp |